[Event "GER-chT Youth Countries 2018"]
[Site "Wurzburg"]
[Date "2018.10.06"]
[Round "6"]
[White "Doll, Alexander"]
[Black "Noeldner, Julian"]
[Result "1/2-1/2"]
[WhiteElo "2122"]
[BlackElo "2024"]
[Annotator "TA"]
[PlyCount "118"]
[EventDate "2018.10.03"]
[EventType "team-tourn"]
[EventCountry "GER"]
[SourceTitle "playchess.com"]
[Source "ChessBase"]
[SourceQuality "1"]

{[%evp 22,117,29,0,16,-35,-32,-39,-42,-39,-38,-52,-59,-69,-45,-50,-17,-24,-19,-18,0,-55,-50,-65,-28,-83,-95,-86,-96,-96,-67,-72,-89,-73,-32,-127,-58,-51,-39,-53,0,0,0,0,0,0,0,0,0,0,0,0,0,0,0,0,0,0,0,0,0,0,0,0,0,0,0,0,0,0,0,0,0,0,0,0,0,0,0,0,0,0,29,-8,-8,-8,-8,-8,-8,-8,-8,-8,-8,-8,-8,-8,-8,-8]} 1. e4 c5 2. c3 Nf6 3. e5 Nd5 4. Nf3 Nc6 5. d4 cxd4 6. cxd4 d6 7. exd6 e6 8. Nc3 Bxd6 9. Bd3 Nf4 10. Bxf4 Bxf4 11. O-O O-O 12. a3 g6 {B22: Sicilian: 2 c3} 13. Ne2 $146 ({White should play} 13. Be4 $11) ({Predecessor:} 13. Bc4 Bh6 14. Qd3 Bg7 15. Rfd1 a6 16. Rac1 Qa5 17. Qe4 Bd7 18. d5 exd5 19. Rxd5 Qc7 20. Qh4 {1-0 (65) Seitaj,I (2395)-Kotronias,V (2520) Xanthi 1991}) 13... Bh6 $15 14. Qc2 Bd7 {Black is slightly better.} 15. Rad1 Rc8 {[#] Strongly threatening ...Nxd4!} 16. Qb1 Ne7 17. Ne5 a6 18. h4 Bb5 19. Bxb5 axb5 20. Qd3 Nc6 (20... Nd5 {seems wilder.} 21. h5 b4 22. axb4 Nxb4 23. Qh3 Bg7) 21. Nxc6 (21. Qxb5 $11 Bg7 22. Nf3 (22. Qxb7 Nxe5 23. dxe5 Qxh4 $15)) 21... bxc6 22. g3 Qe7 23. Nc3 (23. Qf3 $11) 23... Rfd8 $17 24. Rfe1 Bg7 25. Qe3 Rc7 26. Rd2 Rcd7 {[%cal Rd7d4]} 27. Ne2 e5 {[%cal Re5d4]} 28. Nc3 (28. Rc1 $15) 28... b4 (28... Qf8 $17 29. d5 cxd5) 29. Nb1 $1 $15 {[%cal Rd4e5]} bxa3 30. bxa3 {[%cal Rd4e5]} Qe6 (30... Rd5 $15 31. dxe5 Rxe5 32. Rxd8+ Qxd8) 31. dxe5 $11 Rxd2 32. Nxd2 Qxe5 $1 33. Qxe5 Bxe5 {[%mdl 4096] Endgame KRB-KRN} 34. Nc4 Bf6 35. Re2 Rd1+ 36. Kg2 Rc1 37. Nd6 Ra1 38. Re8+ Kg7 39. Rc8 {Ne8+ is the strong threat.} Be7 40. Ne4 Rxa3 41. Rc7 Bd8 42. Rd7 Bb6 43. Rd6 Ra7 44. Rxc6 Bd4 45. Rc4 Be5 46. Rc5 Re7 47. Rd5 h6 48. Nd2 Bc3 49. Kf3 f5 50. Nf1 Be5 51. Ne3 Bb8 52. Rxf5 Rxe3+ {The position is equal.} 53. fxe3 gxf5 {KB-K3P} 54. g4 {[#]} h5 $1 55. gxf5 (55. gxh5 Kh6) 55... Kf6 56. Kg2 Kxf5 57. Kh1 Ke4 58. Kg1 Kxe3 59. Kh1 Kf2 $2 {[%mdl 8192] Precision: White = 61%, Black = 58%.} (59... Kf3) 1/2-1/2

[Event "GER-chT Youth Countries 2018"]
[Site "Wurzburg"]
[Date "2018.10.06"]
[Round "6"]
[White "Schulze, Lara"]
[Black "Muetsch, Annmarie"]
[Result "1-0"]
[WhiteElo "2122"]
[BlackElo "2206"]
[Annotator "TA"]
[PlyCount "69"]
[EventDate "2018.10.03"]
[EventType "team-tourn"]
[EventCountry "GER"]
[SourceTitle "playchess.com"]
[Source "ChessBase"]
[SourceQuality "1"]

{[%evp 21,69,36,51,47,45,33,42,7,30,28,43,46,35,39,34,49,177,159,191,203,290,287,293,282,278,280,399,407,485,472,479,454,437,231,220,208,192,206,251,260,465,461,843,866,868,874,1228,1177,2294,2155]} 1. e4 c5 2. Nf3 Nc6 3. d4 cxd4 4. Nxd4 e5 5. Nb5 {[%cal Bd4b5,Bb5a3,Ba3c4][%mdl 32]} d6 6. N1c3 a6 7. Na3 b5 8. Nd5 Nce7 9. c4 Nxd5 10. exd5 bxc4 11. Nxc4 Be7 {LiveBook: 42 Partien. B32: Sizilianisch (Löwenthal-Variante)} 12. a4 {[%cal Ba2a4,Ba4a5][%mdl 32]} (12. Bd2 a5 13. Qb3 a4 14. Qb6 Nf6 15. Qxd8+ Kxd8 16. Nb6 Rb8 17. Ba5 Bd7 18. b3 Ke8 19. Nxd7 Kxd7 20. bxa4 Nxd5 {0-1 (56) Vallejo Pons,F (2707)-Anton Guijarro,D (2557) Caleta 2014}) 12... Nf6 13. a5 O-O {Weiß steht etwas besser.} 14. Be3 Bb7 15. Nb6 Rb8 16. Be2 Nd7 17. O-O f5 18. f3 Nf6 {[#]} ({Günstiger ist} 18... Bh4 $14) 19. b4 $146 ({Vorgänger:} 19. Bc4 Qe8 {1-0 (41) Urban,K (2361)-Fawzy,A (2451) Khanty-Mansiysk 2016}) 19... f4 20. Bf2 Nh5 (20... Ne8 {ist wohl besser.} 21. b5 axb5) 21. b5 axb5 22. Bxb5 Bc8 23. Nxc8 Qxc8 (23... Rxb5 {war einen Versuch wert.} 24. Qe2 Rb8) 24. Qd3 e4 25. Qxe4 Rxb5 26. Qxe7 Qa6 27. Qe2 (27. Rfc1 $142) 27... Nf6 28. Rfd1 Re8 29. Qc4 Rc8 30. Qxf4 Nxd5 $2 {[#]} (30... Re8 {war nötig.} 31. h3 Rf8) 31. Qf5 {Weiß steht klar auf Gewinn.} Nc3 (31... Nc7 $142 32. Qd7 Ne8) 32. Qe6+ Kh8 33. Rxd6 Qa8 34. Bd4 Rg5 35. Qe7 {Precision: Weiß = 73%, Schwarz = 32%.} 1-0

[Event "GER-chT Youth Countries 2018"]
[Site "Wurzburg"]
[Date "2018.10.06"]
[Round "6"]
[White "Huber, Benedikt"]
[Black "Kopylov, Daniel"]
[Result "0-1"]
[WhiteElo "2116"]
[BlackElo "2192"]
[Annotator "TA"]
[PlyCount "66"]
[EventDate "2018.10.03"]
[EventType "team-tourn"]
[EventCountry "GER"]
[SourceTitle "playchess.com"]
[Source "ChessBase"]
[SourceQuality "1"]

{[%evp 9,66,18,53,46,47,-68,-68,-63,-60,-67,-59,-56,-53,-55,-59,-63,-57,-66,-57,-74,-5,0,124,-6,90,80,87,87,89,86,90,101,85,96,123,63,62,6,27,-108,-106,-120,-117,-125,0,-59,62,64,71,-90,-91,-210,-161,-792,-775,-1370,-991,-938,-931]} 1. d4 d5 2. c4 e6 3. Nc3 c6 4. e4 Bb4 5. Bd3 dxc4 (5... dxe4 6. Bxe4 Nf6 7. Bc2 c5 8. Nf3 Nc6 9. Be3 cxd4 10. Nxd4 Ne5 11. Qe2 Neg4 12. Rd1 Bxc3+ 13. bxc3 Nxe3 14. Qxe3 {0-1 (50) Rietze,C (2341)-Kraus,T (2442) Police 2018}) 6. Bxc4 {D31: Queen's Gambit Declined: Semi-Slav without ...Nf6 (+ Marshall Gambit and Noteboom) and Exchange Variation lines without ...Nf6} Nf6 7. Bg5 $146 (7. f3 $14) ({Predecessor:} 7. Qd3 b5 8. Bb3 e5 9. d5 O-O 10. Bg5 h6 11. Bxf6 Qxf6 12. Qf3 Qg6 13. Nge2 {½-½ (40) Brailly Vignal,B (2300)-Bellahcene,B (2321) Nancy 2013}) 7... Bxc3+ $1 $15 8. bxc3 {Black is slightly better.} Qa5 9. Bd2 Nxe4 10. Nf3 Nxd2 11. Qxd2 Nd7 12. O-O O-O 13. Rfe1 c5 14. Rab1 a6 (14... cxd4 $17 15. Qxd4 (15. Nxd4 Nf6 $15) (15. cxd4 Qxd2 16. Nxd2 Rd8 $17) 15... a6) 15. d5 $11 {[%cal Bd4d5,Bd5d6][%mdl 32]} Nb6 (15... exd5 $1 $11 {keeps the balance.} 16. Bxd5 Nf6) 16. Ne5 (16. dxe6 $16 Nxc4 17. exf7+ Kh8 18. Qf4) 16... Nxc4 (16... Nxd5 $11 17. Bxd5 exd5 18. Qxd5 Be6 19. Qxb7 Qxc3) 17. Nxc4 $16 Qd8 18. Nb6 $1 {[%cal Rb6a8]} Rb8 19. d6 {d7 is the strong threat.} Bd7 20. Qe3 Bc6 21. Qxc5 Qh4 22. Rb4 (22. Qe3 $16) 22... Qh6 $14 23. Re3 (23. Qe3 $14) 23... Rbd8 24. Rg4 (24. Rd4 $11 {remains equal.}) 24... f5 $17 25. Rd4 {[#]} f4 $1 {[%cal Rf4e3]} 26. Re1 {[#]} f3 (26... Rf6 $1 $17 {[%cal Rf6g6] Strongly threatening ...Rg6.} 27. f3 Rg6) 27. Qc4 ({White should play} 27. d7 $11) 27... fxg2 (27... Kh8 $15 28. d7 e5) 28. Rxe6 $14 Qh5 $1 {Black wants to play ...Kh8.} 29. Rh4 $2 (29. Re5+ $1 $16 {keeps the pressure on.} Qf7 30. Qxf7+ Kxf7 31. Nd5 Bxd5 32. Rexd5 (32. Rdxd5 Rd7 $14)) 29... Qf7 $17 {[%csl Gf8][%cal Rf7f2]} 30. f4 (30. Re1 $17) 30... Rde8 $40 {[%mdl 128] Black is out for blood.} 31. Rxe8 $2 (31. Re7) 31... Rxe8 $19 {Black is clearly winning.} 32. Kf2 Qxc4 33. Nxc4 {[#]} Re2+ $1 {[%mdl 512] Precision: White = 25%, Black = 48%.} 0-1

[Event "GER-chT Youth Countries 2018"]
[Site "Wurzburg"]
[Date "2018.10.06"]
[Round "6"]
[White "Philipp, Mathias"]
[Black "Wong, Gengchun"]
[Result "1-0"]
[WhiteElo "2076"]
[BlackElo "2194"]
[Annotator "TA"]
[PlyCount "83"]
[EventDate "2018.10.03"]
[EventType "team-tourn"]
[EventCountry "GER"]
[SourceTitle "playchess.com"]
[Source "ChessBase"]
[SourceQuality "1"]

{[%evp 18,83,44,35,39,43,56,26,46,37,59,45,47,52,67,54,62,50,63,57,56,58,65,65,60,58,53,72,80,66,67,49,73,66,81,43,117,116,134,70,77,110,59,83,112,17,299,79,282,0,68,68,120,77,127,124,287,284,502,499,562,512,1658,1656,1989,1997,29986,29987]} 1. e4 c5 2. b3 Nf6 3. e5 Nd5 4. Bb2 Nc6 5. Nf3 e6 6. g3 Be7 7. Bg2 O-O 8. O-O f6 9. d4 {B40: Sicilian: 2...e6, Unusual lines} (9. c4 Nc7 10. d4 cxd4 11. Nxd4 Nxe5 12. Nc3 Nc6 13. Re1 a6 14. Qd2 Bc5 15. Na4 Ba7 16. Rad1 Qe8 {1-0 (32) Onischuk,V (2594)-Milov,V (2622) Dubai 2014}) 9... cxd4 10. Nxd4 {LiveBook: 3 Games} fxe5 11. Nxc6 {White is slightly better.} bxc6 12. Bxe5 (12. c4 $5 {[%cal Rc4d5]}) 12... d6 $146 ({Predecessor:} 12... Bf6 13. Qe2 a5 14. c4 a4 15. Nd2 axb3 16. axb3 Rxa1 17. Bxa1 {1-0 (40) Zarnicki,P (2390)-Soppe,G (2405) Buenos Aires 1990}) 13. Bb2 Bf6 14. Bxf6 Qxf6 15. Na3 Rd8 16. Qd2 Ne7 17. f4 d5 18. Rfe1 Bd7 19. c3 Rac8 20. Nc2 c5 21. Rad1 Be8 22. Bh3 Rc6 23. b4 {[%cal Bb3b4,Bb4b5][%mdl 32]} Bg6 24. b5 Rb6 25. a4 Bf5 26. Bf1 Nc8 (26... h5 $14) 27. a5 $36 {[%mdl 2048] Keeping Black busy.} Rb7 28. Re5 (28. Ne3 $1 $16) 28... Nd6 $14 29. Ne3 $1 Be4 (29... Nf7 $16) 30. Bh3 Re8 31. a6 (31. c4 $1 $16) 31... Rb6 $2 {[%mdl 8192] [#]} ({Don't play} 31... Rxb5 32. Bxe6+ $1 {[%mdl 512]} Rxe6 33. Nxd5 $16) (31... Rbb8 $1 $11 {and Black stays safe.}) 32. c4 $2 (32. Bxe6+ $1 $18 {[%mdl 512] is the precise move to win.} Rxe6 33. Nxd5 Bxd5 34. Qxd5) 32... dxc4 $2 {[#]} (32... d4 $16) 33. Rxc5 $2 (33. Qxd6 $1 $18 Rxd6 34. Rxd6) 33... Bf3 (33... Bd3 $1 $11 34. Re5 Rxb5) 34. Rf1 Ba8 (34... c3 $14 35. Qxc3 Be2) 35. Nxc4 $16 Nxc4 36. Rxc4 Bd5 $2 (36... Rxb5 $16 37. Rc7 (37. Qd7 Rbb8 $16) 37... Bd5) 37. Rc5 $18 Reb8 $2 (37... Rd6 38. Rfc1 Rd7) 38. f5 {Threatens to win with fxe6.} Qe7 39. Qc3 Qd7 (39... Rxb5 $142 40. Rxb5 Rxb5 41. fxe6 Rc5) 40. Rc7 Rc6 41. Rxc6 {[%cal Rf5e6]} Bxc6 42. bxc6 {Precision: White = 48%, Black = 29%.} 1-0

[Event "GER-chT Youth Countries 2018"]
[Site "Wurzburg"]
[Date "2018.10.06"]
[Round "6"]
[White "Lesny, Florian"]
[Black "Arakelian, Aik"]
[Result "1/2-1/2"]
[WhiteElo "2073"]
[BlackElo "1879"]
[Annotator "NA RC"]
[PlyCount "56"]
[EventDate "2018.10.03"]
[EventType "team-tourn"]
[EventCountry "GER"]
[SourceTitle "playchess.com"]
[Source "ChessBase"]
[SourceQuality "1"]
[TimeControl "40/5400+30:1800+30"]

{[%evp 18,56,33,21,76,35,59,66,77,85,63,70,107,1,143,93,121,98,101,52,122,115,282,165,215,220,249,241,220,246,227,228,235,251,277,183,258,253,284,0,0]} 1. e4 {[%emt 0:00:00]} c5 {[%emt 0:00:14]} 2. Nf3 {[%emt 0:00:00]} Nc6 {[%emt 0:00:13]} 3. d4 {[%emt 0:00:00]} cxd4 {[%emt 0:00:14]} 4. Nxd4 {[%emt 0:00:05]} g6 {[%emt 0:00:05]} 5. Nc3 {[%emt 0:01:05]} Bg7 {[%emt 0:00:11]} 6. Be3 {[%emt 0:00:12]} Nf6 {[%emt 0:00:23]} 7. Bc4 {[%emt 0:00:17]} d6 {[%emt 0:00:59]} 8. f3 {[%emt 0:01:57]} O-O {[%emt 0:00:28]} 9. Qd2 {[%emt 0:00:22]} Bd7 {[%emt 0:02:54]} 10. O-O-O {[%emt 0:01:45]} Na5 {[%emt 0:02:18]} (10... Rc8 $11 11. Nxc6 Rxc6) 11. Bb3 {[%emt 0:00:40]} Rc8 {[%emt 0:00:44]} 12. Kb1 {[%emt 0:01:13]} Nc4 {[%emt 0:04:45]} 13. Bxc4 $1 {[%emt 0:00:16]} Rxc4 {[%emt 0:00:09]} 14. g4 {[%emt 0:00:30] LiveBook: 275 Games} Qa5 {[%emt 0:01:04]} 15. Nd5 {[%emt 0:06:05] B78: Sicilian Dragon: Yugoslav Attack, 9 Bc4 Bd7 10 0-0-0 Rc8} (15. Nb3 $16 Qa6 {[#]} 16. e5 $1 {[%mdl 512]} Nxg4 (16... Ne8 17. Nd5 Bxe5 18. Bh6 Bf6 19. g5 Bg7 20. Nxe7+ Kh8 21. Rhe1 Be6 22. a3 Rh4 {1-0 (32) Bitoon,R (2417)-Ranola,Y (2373) Olongapo City 2015}) 17. fxg4) 15... Qd8 {[%emt 0:00:15]} (15... Qxd2 $1 $11 {bleibt in der Remisbreite.} 16. Nxf6+ (16. Nxe7+ Kh8 $17) 16... Bxf6 17. Rxd2 b5) 16. Nxf6+ {[%emt 0:17:48]} Bxf6 {[%emt 0:00:28]} 17. b3 $146 {[%emt 0:01:16]} ({Predecessor:} 17. h4 e5 18. Ne2 Rc6 19. g5 Bh8 20. h5 Be6 21. Nc3 Qd7 22. Nd5 Bxd5 23. Qxd5 {0-1 (59) Petronic,S (2203)-Boric,T (2050) Kragujevac 2000}) 17... Rc8 {[%emt 0:03:10]} 18. h4 {[%emt 0:01:22]} b5 {[%emt 0:11:09]} 19. h5 {[%emt 0:01:46]} a5 {[%emt 0:01:48]} (19... Qc7 $16) 20. Bh6 {[%emt 0:01:19]} ({Don't do} 20. hxg6 $6 fxg6 21. Nxb5 Bxb5 $16) 20... b4 {[%emt 0:03:22]} (20... Qc7 $16) 21. g5 {[%emt 0:07:51]} ({Resist} 21. Bxf8 $6 Kxf8 22. Qh6+ Kg8 $16) 21... Bh8 {[%emt 0:07:27]} 22. Bxf8 {[%emt 0:01:41]} Qxf8 {[%emt 0:00:29]} 23. hxg6 {[%emt 0:00:55]} fxg6 {[%emt 0:03:30]} 24. Qh2 {[%emt 0:10:15]} Qg7 {[%emt 0:02:27]} 25. f4 {[%emt 0:04:02]} Rc3 {[%emt 0:10:19]} 26. Qf2 {[%emt 0:13:27]} Bg4 {[%emt 0:08:00]} 27. Rd2 {[%emt 0:00:11]} Rf3 {[%emt 0:17:44]} 28. Qg2 $2 {[%emt 0:00:57]} (28. Qh2 $18) 28... Rxf4 $11 {[%emt 0:00:45]} 1/2-1/2

[Event "GER-chT Youth Countries 2018"]
[Site "Wurzburg"]
[Date "2018.10.06"]
[Round "6"]
[White "Lutz, Ruben"]
[Black "Roseneck, Jonas"]
[Result "0-1"]
[WhiteElo "2043"]
[BlackElo "2262"]
[Annotator "NA"]
[PlyCount "136"]
[EventDate "2018.10.03"]
[EventType "team-tourn"]
[EventCountry "GER"]
[SourceTitle "playchess.com"]
[Source "ChessBase"]
[SourceQuality "1"]
[TimeControl "40/5400+30:1800+30"]

{[%evp 16,95,29,7,8,6,14,-47,-7,-26,-23,-56,-22,-33,-27,-26,-28,-77,-91,-95,-81,-113,-48,-56,-11,0,0,-66,0,-18,34,14,58,36,28,19,35,-28,-29,-63,-58,-67,-62,-289,-4,-2,0,0,33,39,49,12,10,8,0,0,14,32767,32767,32767,32767,-59,-37,-173,-208,-175,-217,32767,32767,32767,32767,32767,-139,-250,-146,-135,-143,-156,-152,-170,-146,-142]} 1. d4 {[%emt 0:00:00]} Nf6 {[%emt 0:00:00]} 2. Bf4 {[%emt 0:00:00]} d5 {[%emt 0:00:00]} 3. e3 {[%emt 0:00:17]} c5 {[%emt 0:00:04]} 4. c3 {[%emt 0:00:26]} Nc6 {[%emt 0:00:05]} 5. Nd2 {[%emt 0:00:16]} e6 {[%emt 0:00:05]} 6. Ngf3 {[%emt 0:00:24]} cxd4 {[%emt 0:00:06]} 7. exd4 {[%emt 0:00:12] D02: 1 d4 d5 2 Nf3 sidelines, including 2...Nf6 3 g3 and 2...Nf6 3 Bf4} Nh5 {[%emt 0:00:05]} 8. Be3 {[%emt 0:00:13]} Bd6 {[%emt 0:05:12] LiveBook: 100 Games} 9. Ne5 {[%emt 0:00:32]} (9. Bd3 Nf4 10. Bxf4 Bxf4 11. g3 Bd6 12. O-O O-O 13. Re1 Bd7 14. h4 h6 {1-0 (44) Caruana,F (2822)-Aronian,L (2767) chess.com INT 2018}) 9... g6 {[%emt 0:00:07]} 10. Ndf3 {[%emt 0:05:10]} f6 {[%emt 0:12:37]} 11. Nd3 {[%emt 0:13:17]} (11. Ng4 $11) 11... Qc7 {[%emt 0:03:50]} 12. Qd2 {[%emt 0:03:05]} O-O {[%emt 0:06:30]} 13. Be2 {[%emt 0:01:43]} Ng7 {[%emt 0:01:05]} 14. h4 $146 {[%emt 0:15:13]} ({Predecessor:} 14. O-O Nf5 {0-1 (47) Derakhshani,B (2298)-Stanisz,P (2150) London 2017}) 14... e5 {[%emt 0:04:26]} 15. dxe5 {[%emt 0:01:56]} fxe5 {[%emt 0:00:31]} 16. Nc1 {[%emt 0:14:41]} Be6 {[%emt 0:26:58]} 17. O-O {[%emt 0:04:07]} Kh8 {[%emt 0:02:28]} 18. Nb3 {[%emt 0:04:59]} b6 {[%emt 0:04:43]} (18... Nf5 $17) 19. Rad1 {[%emt 0:01:44]} Rad8 {[%emt 0:02:16]} 20. Bg5 {[%emt 0:01:55]} Rd7 {[%emt 0:04:38]} 21. Qc1 {[%emt 0:02:07]} (21. Bh6 $11) 21... Bg8 {[%emt 0:04:53]} 22. Nh2 {[%emt 0:10:25]} Be7 {[%emt 0:07:18]} 23. Ng4 {[%emt 0:01:30]} Ne6 {[%emt 0:01:03]} (23... Be6 $11) 24. Bb5 {[%emt 0:03:54]} Nxg5 {[%emt 0:03:07]} 25. Bxc6 {[%emt 0:02:34]} Rd6 $1 {[%emt 0:04:31]} 26. Nxe5 {[%emt 0:03:41]} Ne4 {[%emt 0:00:12]} 27. Bb5 {[%emt 0:04:21]} Bxh4 {[%emt 0:01:21]} 28. Nf3 {[%emt 0:00:40]} Be7 {[%emt 0:01:22]} 29. Nbd4 $2 {[%emt 0:00:11] [#]} (29. Bd3 $15) 29... Rdf6 $2 {[%emt 0:00:20]} (29... g5 $1 $19 30. Bd3 Rh6) 30. Bd3 $1 {[%emt 0:01:06]} Qc8 {[%emt 0:01:52]} 31. Qe3 {[%emt 0:00:53]} Qg4 {[%emt 0:01:58]} 32. Bxe4 {[%emt 0:02:28]} Qxe4 {[%emt 0:00:48]} 33. Qxe4 {[%emt 0:00:32]} dxe4 {[%emt 0:00:01]} 34. Nd2 {[%emt 0:00:39]} Bd5 {[%emt 0:01:17]} 35. Rde1 {[%emt 0:00:50]} Bc5 {[%emt 0:00:54]} 36. Nxe4 {[%emt 0:00:35]} Bxd4 {[%emt 0:00:00]} 37. cxd4 {[%emt 0:00:15]} Rf4 {[%emt 0:00:00]} 38. Nd2 {[%emt 0:00:37]} (38. f3 $11) 38... Rxd4 {[%emt 0:00:24]} 39. Nb3 {[%emt 0:00:17] [#]} (39. Re2 $15) 39... Rg4 $1 {[%emt 0:01:40]} 40. f3 {[%emt 0:01:35]} Rxf3 $1 {[%emt 0:00:33]} 41. Rxf3 {[%emt 0:03:53]} Bxf3 {[%emt 0:00:01]} 42. g3 {[%emt 0:00:27]} Bd5 {[%emt 0:01:17]} 43. Re3 {[%emt 0:02:13]} a5 {[%emt 0:07:02]} 44. Rd3 {[%emt 0:07:02]} (44. a3 $142) 44... Rg5 {[%emt 0:00:33]} 45. Nc1 {[%emt 0:03:21]} Re5 {[%emt 0:01:03]} 46. Kf2 {[%emt 0:00:37]} Kg7 {[%emt 0:00:06]} 47. b3 {[%emt 0:00:35]} Bc6 {[%emt 0:04:07]} 48. Rc3 $17 {[%emt 0:04:22]} Re6 {[%emt 0:01:46]} 49. Ne2 {[%emt 0:01:48]} Rd6 {[%emt 0:02:58]} 50. Ke3 {[%emt 0:02:07]} Kf6 {[%emt 0:00:35]} 51. Nd4 {[%emt 0:00:20]} Bd5 {[%emt 0:00:25]} 52. Rc1 {[%emt 0:03:22]} Ke5 {[%emt 0:01:38]} 53. Rc7 {[%emt 0:01:26]} h5 {[%emt 0:01:37]} 54. Rg7 {[%emt 0:00:45]} Kf6 {[%emt 0:00:33]} 55. Rc7 {[%emt 0:00:41]} Kg5 {[%emt 0:00:23]} 56. Rg7 {[%emt 0:03:07]} Rd8 {[%emt 0:03:55]} 57. Re7 {[%emt 0:01:15]} Kg4 {[%emt 0:00:59]} 58. Ne2 {[%emt 0:00:12]} Bc6 {[%emt 0:01:08]} 59. Rg7 {[%emt 0:00:45]} Rd6 {[%emt 0:02:08]} 60. Nf4 {[%emt 0:00:20]} g5 {[%emt 0:00:58]} 61. Rg8 {[%emt 0:00:54]} Bb5 {[%emt 0:01:56]} 62. Rg7 {[%emt 0:00:32]} Rd7 {[%emt 0:00:30]} 63. Rg8 {[%emt 0:00:24]} Re7+ {[%emt 0:00:04]} 64. Kf2 {[%emt 0:00:18]} h4 {[%emt 0:00:12]} 65. Nd5 {[%emt 0:00:54]} hxg3+ {[%emt 0:00:15]} 66. Kg1 {[%emt 0:00:16]} Re1+ {[%emt 0:00:03]} 67. Kg2 {[%emt 0:00:08]} Bf1+ {[%emt 0:00:13]} 68. Kg1 {[%emt 0:00:10]} Bh3# {[%emt 0:00:02]} 0-1

[Event "GER-chT Youth Countries 2018"]
[Site "Wurzburg"]
[Date "2018.10.06"]
[Round "6"]
[White "Richter, Nils"]
[Black "von Krosigk, Florian"]
[Result "1-0"]
[WhiteElo "2035"]
[BlackElo "1897"]
[Annotator "NA RC"]
[PlyCount "33"]
[EventDate "2018.10.03"]
[EventType "team-tourn"]
[EventCountry "GER"]
[SourceTitle "playchess.com"]
[Source "ChessBase"]
[SourceQuality "1"]
[TimeControl "40/5400+30:1800+30"]

{[%evp 16,30,596,631,595,622,647,616,687,700,756,737,805,818,794,424,414]} 1. e4 {[%emt 0:00:00]} c5 {[%emt 0:00:00]} 2. Nf3 {[%emt 0:00:00]} e6 {[%emt 0:00:00]} 3. d4 {[%emt 0:00:00]} cxd4 {[%emt 0:00:00]} 4. Nxd4 {[%emt 0:00:00]} a6 {[%emt 0:00:14]} 5. Nc3 {[%emt 0:00:00]} Qc7 {[%emt 0:00:25]} 6. g3 {[%emt 0:00:02]} b5 {[%emt 0:02:53]} 7. Bg2 {[%emt 0:00:41]} Bb7 {[%emt 0:01:23]} 8. O-O {[%emt 0:00:12]} Ne7 $2 {[%emt 0:04:00] [#]} ({Better is} 8... Nc6 $14) 9. Ndxb5 $1 {[%emt 0:02:01]} axb5 {[%emt 0:08:18]} 10. Nxb5 {[%emt 0:00:09]} Qc6 {[%emt 0:01:43]} 11. Nd6+ {[%emt 0:00:06]} Kd8 {[%emt 0:00:03]} 12. Nxf7+ {[%emt 0:00:18]} Ke8 {[%emt 0:00:16]} 13. Nxh8 {[%emt 0:00:33]} g6 {[%emt 0:00:24]} 14. Qf3 {[%emt 0:00:19]} Nf5 {[%emt 0:00:40]} 15. exf5 $18 {[%emt 0:02:50]} Qxf3 {[%emt 0:00:04]} 16. Bxf3 {[%emt 0:00:05]} Bxf3 {[%emt 0:00:03]} 17. fxg6 {[%emt 0:00:19]} 1-0